Human biology / (Record no. 506)

MARC details
000 -LEADER
fixed length control field 00379nam a2200145 a 4500
020 ## - INTERNATIONAL STANDARD BOOK NUMBER
ISBN 0801658500
050 00 - CALL NUMBER
Classification number QP34
Item number .M11
100 1# - AUTHOR
Personal name Mannino, Joseph A.
245 10 - TITLE
Title Human biology /
Statement of responsibility, etc Joseph A. Mannino.
260 ## - PUBLICATION INFORMATION
Place of publication St. Louis, MO :
Name of publisher Mosby,
Year of publication c1995.
300 ## - DESCRIPTION
Number of Pages xx, 456 p. :
Other physical details ill. (some col.) ;
Dimensions 28 cm.
500 ## - NOTES
General note Includes index.
650 #0 - SUBJECTS
Topical Term Human biology.
942 ## - ADDED ENTRY ELEMENTS (KOHA)
Koha item type Books
Holdings
Withdrawn status Lost status Home library Current library Date acquired Full call number Accession Number Koha item type
    Methodist University Library Wenchi Faculty Methodist University Library Wenchi Faculty 27/10/2017 QP34 .M11 21681 Books
    Methodist University Library Wenchi Faculty Methodist University Library Wenchi Faculty 27/10/2017 QP34 .M11 1778 Books
    Methodist University Library Wenchi Nursing Methodist University Library Wenchi Nursing 24/09/2021 QP34 .M11 21682 Books
    Methodist University Library Wenchi Nursing Methodist University Library Wenchi Nursing 24/09/2021 QP34 .M11 21683 Books
    Methodist University Library Wenchi Nursing Methodist University Library Wenchi Nursing 24/09/2021 QP34 .M11 6358 Books
    Methodist University Library Wenchi Nursing Methodist University Library Wenchi Nursing 24/09/2021 QP34 .M11 19693 Books
    Methodist University Library Wenchi Nursing Methodist University Library Wenchi Nursing 24/09/2021 QP34 .M11 19691 Books
Copyright © 2026  MUG Library